000 00453nam a22001697a 4500
003 MPLRDC
005 20220104142932.0
008 210129b ||||| |||| 00| 0 eng d
082 _a528.2 LMQ
100 _a铃木清著; 赵秀琴等编译
245 _a怎样使您孩子学习更好: 家庭学习指导三百问
_c
250 _a一版一刷
260 _a
_b天津人民出版社
_c1982
300 _b
650 _a
942 _cBK
_o528.2 LMQ
999 _c35040
_d35030